logo

Bir Sreshtho Munshi Abdur Rouf Library
Jhenaidah Cadet College

The search committee handbook : (Record no. 1556)

MARC details
000 -LEADER
fixed length control field 01229cam a22003254a 4500
001 - CONTROL NUMBER
control field 1556
003 - CONTROL NUMBER IDENTIFIER
control field BD-JhCC
005 - DATE AND TIME OF LATEST TRANSACTION
control field 20171023190710.0
008 - FIXED-LENGTH DATA ELEMENTS--GENERAL INFORMATION
fixed length control field 050802s2006 vau bf 001 0 eng
010 ## - LIBRARY OF CONGRESS CONTROL NUMBER
LC control number 2005051642
020 ## - INTERNATIONAL STANDARD BOOK NUMBER
International Standard Book Number 1579221777 (pbk. : alk. paper)
035 ## - SYSTEM CONTROL NUMBER
System control number (BD-JhCC)1556
040 ## - CATALOGING SOURCE
Original cataloging agency DLC
Transcribing agency DLC
Modifying agency YDX
-- BAKER
-- LMR
-- DLC
-- BD-JhCC
042 ## - AUTHENTICATION CODE
Authentication code pcc
043 ## - GEOGRAPHIC AREA CODE
Geographic area code n-us---
050 00 - LIBRARY OF CONGRESS CALL NUMBER
Classification number LB2331.6952
Item number .M37 2006
082 00 - DEWEY DECIMAL CLASSIFICATION NUMBER
Classification number 371.111
Edition number 22
100 1# - MAIN ENTRY--PERSONAL NAME
Personal name Marchese, Theodore J.
245 14 - TITLE STATEMENT
Title The search committee handbook :
Remainder of title a guide to recruiting administrators /
Statement of responsibility, etc. Theodore J. Marchese and Jane Fiori Lawrence ; assisted by Caitlin Anderson.
250 ## - EDITION STATEMENT
Edition statement 2nd ed., rev.
260 ## - PUBLICATION, DISTRIBUTION, ETC.
Place of publication, distribution, etc. Sterling, Va. :
Name of publisher, distributor, etc. Stylus,
Date of publication, distribution, etc. c2006.
300 ## - PHYSICAL DESCRIPTION
Extent x, 100 p. ;
Dimensions 28 cm.
504 ## - BIBLIOGRAPHY, ETC. NOTE
Bibliography, etc. note Includes bibliographical references (p. 85-88) and index.
650 #0 - SUBJECT ADDED ENTRY--TOPICAL TERM
Topical term or geographic name entry element College administrators
General subdivision Recruiting
Geographic subdivision United States
Form subdivision Handbooks, manuals, etc.
700 1# - ADDED ENTRY--PERSONAL NAME
Personal name Lawrence, Jane Fiori.
700 1# - ADDED ENTRY--PERSONAL NAME
Personal name Anderson, Caitlin.
906 ## - LOCAL DATA ELEMENT F, LDF (RLIN)
a 7
b cbc
c orignew
d 1
e ocip
f 20
g y-gencatlg
942 ## - ADDED ENTRY ELEMENTS (KOHA)
Source of classification or shelving scheme Dewey Decimal Classification
Koha item type Books
Holdings
Withdrawn status Lost status Source of classification or shelving scheme Damaged status Not for loan Home library Current library Shelving location Date acquired Cost, normal purchase price Total Checkouts Full call number Barcode Date last seen Copy number Price effective from Koha item type
    Dewey Decimal Classification     JCC Rouf Library JCC Rouf Library General Stacks 10/21/2017 0.00   371.111 MAR 2006 2722 10/21/2017 C-1 10/21/2017 Books

JCC Library | Contacts | JCC Home

Last Update on 23 September 2017
Copyright @ 2017-2020 JCC Rouf Library
Rouf Library, Jhenidah Cadet College (JCC), Bangladesh